Naša práca
| Format: | Journal |
|---|---|
| Language: | Slovak |
| PhysicalDescription: | zv. |
| Published: |
Bratislava
Sväz ev. mládeže na Slovensku
[1937]
|
MARC
| LEADER | 00000cas a2200000 a 4500 | ||
|---|---|---|---|
| 001 | vtls001394565 | ||
| 003 | SK-MaSNL | ||
| 005 | 20260221113147.0 | ||
| 008 | 000817c193719uuxo ar p 0 0 0slo | ||
| 035 | |a SNK000348901 | ||
| 040 | |a SNK |b slo |c SNK |e AACR2 | ||
| 041 | 0 | |a slo | |
| 044 | |a xo |c SK | ||
| 245 | 0 | |a Naša práca | |
| 260 | |a Bratislava |b Sväz ev. mládeže na Slovensku |c [1937] | ||
| 300 | |a zv. | ||
| 310 | |a 1x ročne | ||
| 850 | |a Slovenská národná knižnica v Martine | ||
| 910 | |a snk | ||
| 999 | |c 1508 |d 3438 | ||
| 952 | |0 0 |1 0 |4 0 |7 0 |a SNK |b SNK |d 2000-08-17 |l 0 |o snkČSC 2208/1937-1938 |p 17A0248368 |r 2005-01-02 00:00:00 |t č. 4-6 |w 2026-02-21 |y PREZ | ||


